Pieseň piesní

Bibliographic Details
Main Author: Gahérová, Helena, 1939-2007 (Author)
Format: Book
Language:Slovak
PhysicalDescription:21 s. 16 cm
Published: [Topoľčany] Helena Gaherová 1998
Edition:[1. vyd.]
Subjects:

MARC

LEADER 00000nam a2200000 a 4500
001 vtls001519854
003 SK-MaSNL
005 20260301015532.0
008 240314s1998 xo g 000 p slo
020 |q (brož.) 
040 |a SNK  |b slo  |c SNK  |e AACR2 
041 0 |a slo 
044 |a xo  |c SK 
072 7 |a 821.162.4-1  |x Slovenská poézia  |2 konspekt 
080 |a 821.162.4-1  |2 MDT-MRF 
080 |a (0:82-1)  |2 MDT-MRF 
100 1 |a Gahérová, Helena,  |d 1939-2007  |4 aut  |9 176543 
245 1 0 |a Pieseň piesní  |c Helena Gaherová 
250 |a [1. vyd.] 
260 |a [Topoľčany]  |b Helena Gaherová  |c 1998 
300 |a 21 s.  |c 16 cm 
500 |a S podpisom autora 
655 7 |a slovenská poézia  |2 SNKPH  |9 70444 
999 |c 560939  |d 562869 
952 |a SNK  |b SNK  |y PREZ  |7 0  |p 17A0460389  |o snkSD 74622  |i snk2005/3995  |8 1  |0 0  |1 0  |4 0  |d 2005-03-15  |l 0  |r 2025-11-21 00:00:00  |w 2026-02-23